000 00825nam a2200229 a 4500
001 000013906
005 20240529124642.0
008 091201s1990 cu 000 f spa d
040 _aDO-SdBNP
_bspa
_cBNPHU
082 _aB869.4
_bC156q
100 1 _aCallado, Antonio,
_d1917-1997
_931511
245 1 0 _aQuarup /
_cAntonio Callado ; edición de Magdalena Quijano ; prólogo de Ligia Chiappini Morães Leite.
260 _aLa Habana :
_bCasa de las Américas,
_c1990.
300 _a723, [18] p. ;
_c19 cm.
490 1 _aLiteratura Latinoamericana
_v130
650 0 _aNovela brasileña
_913650
650 4 _aLiteratura brasileña
_ySIGLO XX
_94716
700 1 _aMorães Leite, Ligia Chiappini,
_epról.
_931512
700 1 _aQuijano, Magdalena,
_eed.
_919256
830 0 _aLiteratura Latinoamericana ;
_v130
_9500
049 _aBNGR
999 _c13511
_d13511